000 00439nam a22001817a 4500
003 MPLRDC
005 20220104143401.0
008 210129b ||||| |||| 00| 0 eng d
020 _a7-5015-1066-0
082 _a947.47 PCH
100 _a潘春华编绘
245 _a儿童学画一招通
_c
250 _a一版一刷
260 _a
_b知识出版社
_c1994
300 _b
650 _a儿童画指导
942 _cBK
_o947.47 PCH
999 _c39379
_d39369